[Event "Cto. FACV Ind. Absoluto Valencia 2014"]
[Site "Valencia ESP"]
[Date "2014.10.24"]
[Round "4.9"]
[White "Lozano Gil, Jose Luis"]
[Black "Navarro Diaz, Carles"]
[Result "0-1"]
[WhiteElo "1950"]
[BlackElo "2103"]
[PlyCount "49"]
[EventDate "2014.09.27"]
[EventType "swiss"]
[EventRounds "7"]
[EventCountry "ESP"]
[Source "lmi"]
[SourceDate "2014.09.27"]

1. d4 Nf6 2. c4 e6 3. Nc3 Bb4 4. Qc2 b6 5. a3 Bxc3+ 6. Qxc3 Ne4 7. Qc2 Bb7 8.
Bf4 f5 9. f3 Nf6 10. Nh3 O-O 11. Nf2 d5 12. e3 c5 13. dxc5 bxc5 14. Rd1 Qb6 15.
Bd3 Nc6 16. O-O h6 17. h3 d4 18. e4 g5 19. Bd6 Rfd8 20. e5 Ne8 21. Bxf5 exf5
22. Qxf5 Ng7 23. Qg6 Nxe5 24. Qxh6 Rxd6 25. Qxg5 0-1

[Event "Cto. FACV Ind. Absoluto Valencia 2014"]
[Site "Valencia ESP"]
[Date "2014.10.24"]
[Round "4.10"]
[White "Ribes Peris, Alvaro"]
[Black "Baeza Garcia, Agustin"]
[Result "0-1"]
[WhiteElo "2052"]
[BlackElo "1939"]
[PlyCount "40"]
[EventDate "2014.09.27"]
[EventType "swiss"]
[EventRounds "7"]
[EventCountry "ESP"]
[Source "lmi"]
[SourceDate "2014.09.27"]

1. d4 d5 2. c4 c6 3. Nf3 Nf6 4. cxd5 cxd5 5. g3 Nc6 6. Nc3 Bg4 7. Bg2 e6 8. Ne5
Bf5 9. Qb3 Bd6 10. Qxb7 Nxe5 11. dxe5 Bxe5 12. e4 dxe4 13. Qc6+ Nd7 14. O-O Qc8
15. Bxe4 Bxe4 16. Qxe4 O-O 17. Ne2 Rb8 18. Rb1 Bf6 19. b3 Qa6 20. Be3 Qxe2 0-1

[Event "Cto. FACV Ind. Absoluto Valencia 2014"]
[Site "Valencia ESP"]
[Date "2014.10.24"]
[Round "4.11"]
[White "Custard Gasco, Daniel"]
[Black "Capella Gimenez, Jose M"]
[Result "1/2-1/2"]
[WhiteElo "1775"]
[BlackElo "2051"]
[PlyCount "107"]
[EventDate "2014.09.27"]
[EventType "swiss"]
[EventRounds "7"]
[EventCountry "ESP"]
[Source "lmi"]
[SourceDate "2014.09.27"]

1. e4 c6 2. d4 d5 3. Nc3 g6 4. e5 Bg7 5. Be2 h5 6. Nf3 Bg4 7. O-O e6 8. h3 Bxf3
9. Bxf3 Nd7 10. Bf4 Ne7 11. Re1 Nf5 12. Qd2 a6 13. Nd1 c5 14. c3 cxd4 15. cxd4
Qb6 16. Be3 Rc8 17. Nc3 Rc4 18. Nxd5 exd5 19. Bxd5 Rxd4 20. Bxd4 Qxd4 21. Bxf7+
Kxf7 22. e6+ Kf6 23. Qxd4+ Nxd4 24. exd7 Rd8 25. Rad1 Rxd7 26. Kf1 Kf7 27. Re4
Bf6 28. b3 Rd6 29. a4 Rb6 30. Rdxd4 Bxd4 31. Rxd4 Rxb3 32. h4 a5 33. Ke2 Kf6
34. g3 b6 35. f3 Ke5 36. Rd3 Rb4 37. Ra3 Kd4 38. Rd3+ Ke5 39. Ra3 Rb2+ 40. Ke3
Kd5 41. Kf4 Kc4 42. Kg5 Kb4 43. Ra1 Rb3 44. Kxg6 Rxf3 45. Kxh5 Rxg3 46. Rb1+
Kxa4 47. Rxb6 Rb3 48. Ra6 Kb5 49. Ra8 Rg3 50. Kh6 a4 51. h5 a3 52. Kh7 Kb4 53.
h6 Rg5 54. Rxa3 1/2-1/2

[Event "Cto. FACV Ind. Absoluto Valencia 2014"]
[Site "Valencia ESP"]
[Date "2014.10.24"]
[Round "4.12"]
[White "Cebolla Moll, Ricardo"]
[Black "Leon Ortiz, Jose Vicente"]
[Result "1-0"]
[WhiteElo "2017"]
[BlackElo "1794"]
[PlyCount "70"]
[EventDate "2014.09.27"]
[EventType "swiss"]
[EventRounds "7"]
[EventCountry "ESP"]
[Source "lmi"]
[SourceDate "2014.09.27"]

1. f4 Nf6 2. Nf3 c5 3. e3 g6 4. b3 Bg7 5. Bb2 O-O 6. Be2 Nc6 7. O-O d5 8. Ne5
d4 9. Nxc6 bxc6 10. Bf3 Nd5 11. g3 Ba6 12. Re1 e5 13. e4 Ne7 14. fxe5 Bxe5 15.
d3 Qd6 16. Qe2 Rae8 17. Nd2 Kh8 18. Qg2 f5 19. Rf1 f4 20. g4 g5 21. Be2 Bf6 22.
Nf3 Ng6 23. Rae1 Ne5 24. Nxe5 Bxe5 25. Rf3 Rf6 26. Rh3 Rh6 27. Rf1 Bc8 28. Rff3
Ree6 29. Ba3 Qf8 30. Rxh6 Rxh6 31. Rh3 Bd6 32. Rxh6 Qxh6 33. e5 Bxe5 34. Bxc5
a6 35. Qe4 Qh3 1-0

[Event "Cto. FACV Ind. Absoluto Valencia 2014"]
[Site "Valencia ESP"]
[Date "2014.10.24"]
[Round "4.13"]
[White "Benedito Salavert, Jaime"]
[Black "Redondo Flores, David"]
[Result "0-1"]
[WhiteElo "1914"]
[BlackElo "1999"]
[PlyCount "112"]
[EventDate "2014.09.27"]
[EventType "swiss"]
[EventRounds "7"]
[EventCountry "ESP"]
[Source "lmi"]
[SourceDate "2014.09.27"]

1. d4 g6 2. Nf3 f5 3. c4 Nf6 4. Nc3 Bg7 5. Qc2 O-O 6. Bf4 d6 7. c5 Nh5 8. e3
Nc6 9. Bc4+ e6 10. Bg5 Nf6 11. O-O d5 12. Be2 h6 13. Bxf6 Qxf6 14. a3 g5 15. b4
g4 16. Ne1 f4 17. Rd1 a6 18. Qd2 h5 19. Rb1 Qg5 20. Rb2 Rf7 21. a4 fxe3 22.
fxe3 Rxf1+ 23. Bxf1 Bh6 24. Nd1 Bd7 25. b5 axb5 26. axb5 Ne7 27. g3 Nf5 28. Ng2
Qf6 29. Ra2 Rf8 30. Qf2 Qg7 31. Qb2 Bg5 32. Ra7 Bc8 33. c6 b6 34. Bd3 Nd6 35.
Nf2 Qf7 36. Ra1 Nf5 37. Qe2 Qf6 38. Ra7 Qg7 39. Nf4 Bxf4 40. gxf4 Nh4 41. Qf1
g3 42. Nh1 g2 43. Qf2 gxh1=Q+ 44. Kxh1 Nf5 45. Bxf5 exf5 46. Qf3 Qf7 47. Ra1
Kh8 48. Rg1 Rg8 49. Rxg8+ Kxg8 50. Qg2+ Kh7 51. Qg5 Be6 52. h3 Qg7 53. Qxh5+
Qh6 54. Qxh6+ Kxh6 55. Kh2 Kh5 56. Kg3 Bf7 0-1

[Event "Cto. FACV Ind. Absoluto Valencia 2014"]
[Site "Valencia ESP"]
[Date "2014.10.24"]
[Round "4.14"]
[White "Garcia Perez, Ramon"]
[Black "Alonso Igual, Ignacio"]
[Result "1-0"]
[WhiteElo "1881"]
[BlackElo "1842"]
[PlyCount "57"]
[EventDate "2014.09.27"]
[EventType "swiss"]
[EventRounds "7"]
[EventCountry "ESP"]
[Source "lmi"]
[SourceDate "2014.09.27"]

1. e4 c6 2. d4 d5 3. Nd2 dxe4 4. Nxe4 Bf5 5. Ng3 Bg6 6. Nf3 Nd7 7. c3 e6 8. Bf4
Ngf6 9. Bd3 Be7 10. O-O Nd5 11. Bxg6 hxg6 12. Bd2 N7f6 13. Re1 O-O 14. Qe2 Re8
15. Rad1 Qc7 16. Ng5 Bd6 17. Qf3 Rf8 18. Nf1 e5 19. Be3 Rae8 20. Qh3 exd4 21.
Rxd4 Nh5 22. Red1 Ndf6 23. Rxd6 Rd8 24. R6d4 c5 25. Rxd8 Rxd8 26. Rxd8+ Qxd8
27. g4 Qd1 28. gxh5 gxh5 29. Qc8+ 1-0

[Event "Cto. FACV Ind. Absoluto Valencia 2014"]
[Site "Valencia ESP"]
[Date "2014.11.08"]
[Round "5.1"]
[White "Silva Rodriguez, Fernando"]
[Black "Fos Santacreu, Juan Andres"]
[Result "1-0"]
[WhiteElo "2244"]
[BlackElo "2279"]
[PlyCount "81"]
[EventDate "2014.09.27"]
[EventType "swiss"]
[EventRounds "7"]
[EventCountry "ESP"]
[Source "lmi"]
[SourceDate "2014.09.27"]

1. d4 f5 2. Nc3 Nf6 3. Bg5 d5 4. Bxf6 exf6 5. e3 c6 6. Bd3 Bd6 7. Qf3 g6 8.
Nge2 Nd7 9. h3 Nf8 10. g4 fxg4 11. hxg4 Be6 12. e4 dxe4 13. Bxe4 Bf7 14. O-O-O
Nd7 15. Nf4 Qa5 16. Nxg6 Rg8 17. Nh4 Qg5+ 18. Kb1 Qxg4 19. Qd3 O-O-O 20. Bf5
Qg7 21. Bxh7 Rh8 22. Nf5 Qf8 23. Nxd6+ Qxd6 24. Bf5 Be6 25. d5 Bxf5 26. Qxf5
Rxh1 27. Rxh1 Kb8 28. dxc6 bxc6 29. Rd1 Qe7 30. Qd3 Kc7 31. Qa6 Ra8 32. Qc4 Kb7
33. Nd5 Qd6 34. Nc3 Qe7 35. Ne4 Ne5 36. Nc5+ Kc7 37. Qb4 Kc8 38. Qa5 a6 39. f4
Nc4 40. Qb4 Qe2 41. Qb7# 1-0

[Event "Cto. FACV Ind. Absoluto Valencia 2014"]
[Site "Valencia ESP"]
[Date "2014.11.08"]
[Round "5.2"]
[White "Rubio Tent, Francisco"]
[Black "Salvador Lopez, Daniel"]
[Result "1-0"]
[WhiteElo "2189"]
[BlackElo "2117"]
[PlyCount "79"]
[EventDate "2014.09.27"]
[EventType "swiss"]
[EventRounds "7"]
[EventCountry "ESP"]
[Source "lmi"]
[SourceDate "2014.09.27"]

1. e4 c6 2. d4 d5 3. Nd2 dxe4 4. Nxe4 Bf5 5. Ng3 Bg6 6. Nf3 Nd7 7. h4 h6 8. h5
Bh7 9. Bd3 Bxd3 10. Qxd3 e6 11. Bd2 Ngf6 12. O-O-O Be7 13. Ne4 Nxe4 14. Qxe4
Nf6 15. Qd3 Ng4 16. Qe2 Qd5 17. c4 Qf5 18. Ne5 Nxe5 19. Qxe5 Qxe5 20. dxe5 Bc5
21. f3 Bd4 22. Rhe1 O-O-O 23. Kc2 Rd7 24. Bc1 Rhd8 25. g4 Bf2 26. Rxd7 Rxd7 27.
Rd1 Rxd1 28. Kxd1 Bd4 29. f4 b5 30. cxb5 cxb5 31. Ke2 Kb7 32. Kd3 Bc5 33. Ke4
Kc6 34. f5 Bf8 35. a3 a5 36. Bd2 a4 37. Bb4 Bc5 38. Bxc5 Kxc5 39. f6 gxf6 40.
exf6 1-0

[Event "Cto. FACV Ind. Absoluto Valencia 2014"]
[Site "Valencia ESP"]
[Date "2014.11.08"]
[Round "5.3"]
[White "Ribera Cebolla, Marc"]
[Black "Sanchez Saez, Francisco"]
[Result "0-1"]
[WhiteElo "2207"]
[BlackElo "2320"]
[PlyCount "52"]
[EventDate "2014.09.27"]
[EventType "swiss"]
[EventRounds "7"]
[EventCountry "ESP"]
[Source "lmi"]
[SourceDate "2014.09.27"]

1. e4 c5 2. Nf3 d6 3. d4 cxd4 4. Nxd4 Nf6 5. Nc3 Nc6 6. Be3 Ng4 7. Bb5 Nxe3 8.
fxe3 Bd7 9. O-O e6 10. Bxc6 bxc6 11. e5 d5 12. Qf3 Qe7 13. b4 g6 14. Qf4 h5 15.
Nf3 Bh6 16. Qd4 a5 17. a3 axb4 18. axb4 O-O 19. Ne2 c5 20. bxc5 Bb5 21. Rxa8
Rxa8 22. Re1 Ra4 23. Qd2 Bxe2 24. Qxe2 Qxc5 25. Qf2 Re4 26. Kh1 Bxe3 0-1

[Event "Cto. FACV Ind. Absoluto Valencia 2014"]
[Site "Valencia ESP"]
[Date "2014.11.08"]
[Round "5.4"]
[White "Garcia Fernandez, Carlos"]
[Black "Torres Sanchez, Jose"]
[Result "1-0"]
[WhiteElo "2312"]
[BlackElo "2277"]
[PlyCount "51"]
[EventDate "2014.09.27"]
[EventType "swiss"]
[EventRounds "7"]
[EventCountry "ESP"]
[Source "lmi"]
[SourceDate "2014.09.27"]

1. e4 c5 2. Nf3 Nf6 3. e5 Nd5 4. c3 g6 5. Qb3 e6 6. d4 cxd4 7. cxd4 b6 8. Nc3
Bb7 9. Bg5 f6 10. exf6 Nxf6 11. d5 exd5 12. O-O-O Bg7 13. Re1+ Kf8 14. Bf4 Kf7
15. Nb5 Na6 16. Nd6+ Kg8 17. Bxa6 Bxa6 18. Re8+ Qxe8 19. Nxe8 Rxe8 20. Qa3 Re4
21. Be5 Bc4 22. b3 Bh6+ 23. Kc2 Ng4 24. bxc4 Nxe5 25. Nxe5 Rxe5 26. cxd5 1-0

[Event "Cto. FACV Ind. Absoluto Valencia 2014"]
[Site "Valencia ESP"]
[Date "2014.11.08"]
[Round "5.5"]
[White "Cruz Lledo, Pablo"]
[Black "O`neill Y Daneiko, Jose Antoni"]
[Result "1-0"]
[WhiteElo "2290"]
[BlackElo "2133"]
[PlyCount "43"]
[EventDate "2014.09.27"]
[EventType "swiss"]
[EventRounds "7"]
[EventCountry "ESP"]
[Source "lmi"]
[SourceDate "2014.09.27"]

1. d4 Nf6 2. Nf3 e6 3. Bg5 c5 4. e3 Be7 5. c3 b6 6. Bd3 Bb7 7. Nbd2 d5 8. O-O
Nc6 9. Qe2 O-O 10. Rfd1 Qc7 11. e4 dxe4 12. Nxe4 Nxe4 13. Qxe4 g6 14. dxc5 bxc5
15. Qh4 Rfe8 16. Bb5 Kg7 17. Qh6+ Kh8 18. Bf4 e5 19. Bxc6 Qxc6 20. Bxe5+ f6 21.
Rd6 Qxd6 22. Ng5 1-0

[Event "Cto. FACV Ind. Absoluto Valencia 2014"]
[Site "Valencia ESP"]
[Date "2014.11.08"]
[Round "5.6"]
[White "Buenafe Moya, Javier"]
[Black "Ortega Andres, Fernando"]
[Result "1-0"]
[WhiteElo "2256"]
[BlackElo "1843"]
[PlyCount "55"]
[EventDate "2014.09.27"]
[EventType "swiss"]
[EventRounds "7"]
[EventCountry "ESP"]
[Source "lmi"]
[SourceDate "2014.09.27"]

1. c4 Nf6 2. Nc3 g6 3. g3 Bg7 4. Bg2 O-O 5. e4 d6 6. Nge2 c5 7. O-O Nc6 8. d3
Bg4 9. h3 Bd7 10. f4 h5 11. Be3 Qc8 12. Kh2 a6 13. Qd2 Rb8 14. a4 Kh7 15. b3
Rh8 16. d4 cxd4 17. Nxd4 Kg8 18. Rac1 h4 19. g4 Bxg4 20. Nd5 Kf8 21. Nxf6 Bxf6
22. hxg4 Qxg4 23. Rf3 h3 24. Bh1 Nxd4 25. Bxd4 e5 26. fxe5 dxe5 27. Rxf6 exd4
28. Rcf1 1-0

[Event "Cto. FACV Ind. Absoluto Valencia 2014"]
[Site "Valencia ESP"]
[Date "2014.11.08"]
[Round "5.7"]
[White "Madero, Sergio"]
[Black "Cebolla Moll, Ricardo"]
[Result "1-0"]
[WhiteElo "2153"]
[BlackElo "2017"]
[PlyCount "52"]
[EventDate "2014.09.27"]
[EventType "swiss"]
[EventRounds "7"]
[EventCountry "ESP"]
[Source "lmi"]
[SourceDate "2014.09.27"]

1. c4 e5 2. g3 f5 3. Nc3 Nf6 4. Bg2 c6 5. d4 e4 6. f3 d5 7. fxe4 fxe4 8. Bg5
Bb4 9. Qb3 Bxc3+ 10. bxc3 O-O 11. cxd5 cxd5 12. Bxe4 Kh8 13. Bg2 Nc6 14. Nf3
Na5 15. Qb4 b6 16. Ne5 Bg4 17. O-O Bxe2 18. Rf2 Ba6 19. Re1 Rc8 20. Bxf6 gxf6
21. Ng4 Nc6 22. Qa3 Bc4 23. Qc1 Rc7 24. Qh6 Rcf7 25. Re6 Ne7 26. Qe3 Kg7 1-0

[Event "Cto. FACV Ind. Absoluto Valencia 2014"]
[Site "Valencia ESP"]
[Date "2014.11.08"]
[Round "5.8"]
[White "Navarro Diaz, Carles"]
[Black "Gonzalvez Perales, Jose Luis"]
[Result "0-1"]
[WhiteElo "2103"]
[BlackElo "2008"]
[PlyCount "68"]
[EventDate "2014.09.27"]
[EventType "swiss"]
[EventRounds "7"]
[EventCountry "ESP"]
[Source "lmi"]
[SourceDate "2014.09.27"]

1. d4 Nf6 2. c4 c5 3. Nf3 g6 4. Nc3 cxd4 5. Nxd4 Nc6 6. e4 d6 7. Be2 Bg7 8. Be3
a5 9. O-O a4 10. a3 O-O 11. Ndb5 Be6 12. Qc2 Qa5 13. f4 Bh6 14. Kh1 Nd7 15. Qd3
f5 16. Nd5 Rac8 17. Nxe7+ Nxe7 18. Qxd6 Kf7 19. Nd4 Nc5 20. Nxe6 Nxe6 21. exf5
Qxf5 22. g4 Qe4+ 23. Bf3 Qxe3 24. Rae1 Bxf4 25. Rxe3 Bxd6 26. Bxb7+ Nf4 27.
Bxc8 Rxc8 28. Re4 g5 29. Rd1 Rc6 30. Red4 Bc5 31. Rd7 Re6 32. h4 h6 33. hxg5
hxg5 34. Rc7 Rh6# 0-1

[Event "Cto. FACV Ind. Absoluto Valencia 2014"]
[Site "Valencia ESP"]
[Date "2014.11.08"]
[Round "5.10"]
[White "Gonzalez Aguirre, Luis"]
[Black "Garcia Martin, Marta"]
[Result "1/2-1/2"]
[WhiteElo "2089"]
[BlackElo "1973"]
[PlyCount "95"]
[EventDate "2014.09.27"]
[EventType "swiss"]
[EventRounds "7"]
[EventCountry "ESP"]
[Source "lmi"]
[SourceDate "2014.09.27"]

1. c4 Nf6 2. Nc3 e6 3. Nf3 d5 4. d4 Be7 5. Bf4 c6 6. e3 Nbd7 7. h3 O-O 8. c5 b6
9. b4 bxc5 10. bxc5 Qa5 11. Qd2 Bd8 12. Bd3 Bc7 13. O-O Re8 14. Bxc7 Qxc7 15.
Rab1 e5 16. dxe5 Nxe5 17. Nxe5 Qxe5 18. Ne2 Qc7 19. Ng3 g6 20. Qc3 Qe7 21. Rb2
Nd7 22. Rc1 Ne5 23. Be2 h5 24. Rb4 h4 25. Nf1 Bf5 26. Qd4 Rab8 27. a3 g5 28.
Nh2 f6 29. Rc3 Qc7 30. Rcb3 a5 31. Rb6 Nd7 32. Rxb8 Rxb8 33. Rxb8+ Qxb8 34. Bd3
Bxd3 35. Qxd3 Ne5 36. Qf5 Kg7 37. Nf3 Nxf3+ 38. gxf3 Qa7 39. Qc2 Qb7 40. Qa4
Qa6 41. Kg2 Kf7 42. Qg4 Qb7 43. f4 Qe7 44. fxg5 fxg5 45. Qf5+ Kg7 46. Kf3 Qxc5
47. Qxg5+ Kf7 48. Qh5+ 1/2-1/2

[Event "Cto. FACV Ind. Absoluto Valencia 2014"]
[Site "Valencia ESP"]
[Date "2014.11.08"]
[Round "5.11"]
[White "Jordan Arenas, Manuel"]
[Black "Nieves Cabanes, Jose Manuel"]
[Result "1-0"]
[WhiteElo "2124"]
[BlackElo "1939"]
[PlyCount "71"]
[EventDate "2014.09.27"]
[EventType "swiss"]
[EventRounds "7"]
[EventCountry "ESP"]
[Source "lmi"]
[SourceDate "2014.09.27"]

1. d4 Nf6 2. c4 e6 3. Nf3 b6 4. g3 Bb7 5. Bg2 Be7 6. O-O O-O 7. Nc3 Ne4 8. Qd3
Nxc3 9. Qxc3 Be4 10. Bf4 c5 11. Rfd1 d5 12. dxc5 bxc5 13. cxd5 exd5 14. Ne5
Bxg2 15. Kxg2 f6 16. Nf3 Qd7 17. Qb3 c4 18. Qc2 Qb7 19. Qf5 Rd8 20. Qe6+ Kf8
21. Nd4 Qd7 22. e4 a5 23. exd5 Na6 24. d6 Bxd6 25. Qxd7 Rxd7 26. Nf5 Bxf4 27.
Rxd7 Be5 28. Rc1 Rc8 29. Ne3 c3 30. bxc3 Nb4 31. a3 Na2 32. Rb1 Nxc3 33. Rbb7
Ne4 34. Rf7+ Ke8 35. Rbe7+ Kd8 36. Nd5 1-0

[Event "Cto. FACV Ind. Absoluto Valencia 2014"]
[Site "Valencia ESP"]
[Date "2014.11.08"]
[Round "5.12"]
[White "Capella Gimenez, Jose M"]
[Black "Garcia Perez, Ramon"]
[Result "0-1"]
[WhiteElo "2051"]
[BlackElo "1881"]
[PlyCount "52"]
[EventDate "2014.09.27"]
[EventType "swiss"]
[EventRounds "7"]
[EventCountry "ESP"]
[Source "lmi"]
[SourceDate "2014.09.27"]

1. d4 e6 2. c4 Bb4+ 3. Nc3 f5 4. Bf4 Nf6 5. e3 b6 6. Bd3 Bb7 7. Nf3 O-O 8. O-O
Bxc3 9. bxc3 d6 10. a4 a5 11. Rb1 Qe7 12. Qc2 Nbd7 13. Nd2 e5 14. Bg5 e4 15.
Be2 h6 16. Bxf6 Nxf6 17. c5 dxc5 18. dxc5 Qxc5 19. Rb5 Qe7 20. Rxf5 g6 21. Rf4
Kg7 22. Nb3 Qe5 23. g4 Bc8 24. Nd4 c5 25. Nc6 Qe6 26. Bb5 Bb7 0-1

[Event "Cto. FACV Ind. Absoluto Valencia 2014"]
[Site "Valencia ESP"]
[Date "2014.11.08"]
[Round "5.13"]
[White "Redondo Flores, David"]
[Black "Ribes Peris, Alvaro"]
[Result "1-0"]
[WhiteElo "1999"]
[BlackElo "2052"]
[PlyCount "101"]
[EventDate "2014.09.27"]
[EventType "swiss"]
[EventRounds "7"]
[EventCountry "ESP"]
[Source "lmi"]
[SourceDate "2014.09.27"]

1. e4 Nf6 2. Nc3 d5 3. exd5 Nxd5 4. Bc4 Nb6 5. Bb3 c5 6. d3 Nc6 7. Qf3 e6 8.
Nge2 Nd4 9. Nxd4 cxd4 10. Ne4 Be7 11. Qg3 O-O 12. Bh6 Bf6 13. Nxf6+ Qxf6 14.
Bf4 Nd7 15. O-O e5 16. Bg5 Qd6 17. Rae1 h6 18. Bd2 a5 19. f4 e4 20. dxe4 Qc5
21. f5 a4 22. Bxh6 d3+ 23. Be3 Qe5 24. Qxe5 Nxe5 25. Bd5 dxc2 26. Rc1 Nd3 27.
Rxc2 Nb4 28. Rc5 Re8 29. Bd2 Nxd5 30. Rxd5 b5 31. Rd4 Bb7 32. Re1 Re5 33. Bf4
Rc5 34. Kf2 Re8 35. Re2 f6 36. Bd6 Rc6 37. Bb4 Rcc8 38. Kf3 Rc1 39. Kf2 Kh7 40.
g4 Kg8 41. Bc3 Kh7 42. Kf3 Rf1+ 43. Ke3 Rg1 44. h3 Rg3+ 45. Kf4 Rxh3 46. Rd7
Bc8 47. Rc7 Kg8 48. e5 fxe5+ 49. Bxe5 Rh7 50. Rec2 g5+ 51. fxg6 1-0

[Event "Cto. FACV Ind. Absoluto Valencia 2014"]
[Site "Valencia ESP"]
[Date "2014.11.08"]
[Round "5.14"]
[White "Benedito Salavert, Jaime"]
[Black "Lozano Gil, Jose Luis"]
[Result "0-1"]
[WhiteElo "1914"]
[BlackElo "1950"]
[PlyCount "86"]
[EventDate "2014.09.27"]
[EventType "swiss"]
[EventRounds "7"]
[EventCountry "ESP"]
[Source "lmi"]
[SourceDate "2014.09.27"]

1. Nf3 c5 2. c4 Nc6 3. g3 e5 4. d3 Nf6 5. Bg2 d6 6. Nc3 h6 7. O-O Be6 8. b3 Qd7
9. Re1 g6 10. e3 Bg7 11. Bb2 O-O 12. d4 exd4 13. exd4 cxd4 14. Nxd4 Nxd4 15.
Qxd4 Ng4 16. Qd2 Ne5 17. Nd5 Bg4 18. f4 Nc6 19. Bxg7 Kxg7 20. Nf6 Qf5 21. Nxg4
Qxg4 22. Bxc6 bxc6 23. Qd4+ Kg8 24. Re7 h5 25. Rae1 h4 26. Kg2 a5 27. a4 Rab8
28. R1e3 d5 29. h3 Qf5 30. gxh4 Rxb3 31. Rxb3 Qc2+ 32. Kg1 Qxb3 33. cxd5 Qg3+
34. Kf1 Qxh3+ 35. Ke2 Qg2+ 36. Kd3 cxd5 37. Re5 Qh3+ 38. Qe3 Qf1+ 39. Kd2 Qa1
40. Re8 Qxa4 41. Rxf8+ Kxf8 42. Qc5+ Kg7 43. Qd6 Qb4+ 0-1

[Event "Cto. FACV Ind. Absoluto Valencia 2014"]
[Site "Valencia ESP"]
[Date "2014.11.15"]
[Round "6.1"]
[White "Sanchez Saez, Francisco"]
[Black "Silva Rodriguez, Fernando"]
[Result "1/2-1/2"]
[WhiteElo "2320"]
[BlackElo "2244"]
[PlyCount "180"]
[EventDate "2014.09.27"]
[EventType "swiss"]
[EventRounds "7"]
[EventCountry "ESP"]

1. c4 Nf6 2. g3 e6 3. Bg2 d5 4. Nf3 d4 5. O-O c5 6. e3 Nc6 7. exd4 cxd4 8. d3
h6 9. Na3 Bd6 10. Nc2 e5 11. b4 a6 12. Re1 O-O 13. b5 axb5 14. cxb5 Na7 15. a4
Re8 16. Ba3 Bf5 17. Nh4 Bg4 18. Qd2 Nc8 19. Bb4 Qb6 20. Reb1 Be6 21. a5 Qc7 22.
b6 Qd7 23. Re1 Bd5 24. Nf3 Qf5 25. Nh4 Qd7 26. f4 exf4 27. Rxe8+ Qxe8 28. Bxd6
Nxd6 29. Qxf4 Nb5 30. Nxd4 Bxg2 31. Nxg2 Nd5 32. Qe3 Nxd4 33. Qxd4 Qb5 34. Ne3
Nxe3 35. Qxe3 Rxa5 36. Rxa5 Qxa5 37. g4 Qd5 38. Kf2 Qe6 39. Qd4 g6 40. Qd8+ Kg7
41. Qc7 Qd5 42. Ke3 Qg5+ 43. Qf4 Qb5 44. Qd4+ Kg8 45. h4 Qc6 46. Qd8+ Kh7 47.
Qc7 Qe6+ 48. Kd2 Qa2+ 49. Kc3 Qa3+ 50. Kc4 Qa4+ 51. Kd5 Qb3+ 52. Ke5 Qe6+ 53.
Kf4 Qf6+ 54. Kg3 Qf1 55. Qxb7 Qxd3+ 56. Kg2 Qe2+ 57. Kg3 Qe3+ 58. Qf3 Qg1+ 59.
Kh3 Qxb6 60. Qxf7+ Kh8 61. Qf8+ Kh7 62. Qf7+ Kh8 63. Qe8+ Kg7 64. Qe7+ Kg8 65.
g5 Qb3+ 66. Kg2 Qc2+ 67. Kf3 Qf5+ 68. Kg3 Qd3+ 69. Kf4 Qf5+ 70. Ke3 Qh3+ 71.
Kd2 Qh2+ 72. Kd3 Qh3+ 73. Qe3 Qf5+ 74. Kc4 Qg4+ 75. Qd4 Qc8+ 76. Qc5 Qg4+ 77.
Qd4 Qc8+ 78. Kd3 Qf5+ 79. Qe4 Qd7+ 80. Kc3 Qh3+ 81. Kd4 Kf7 82. Qb7+ Kf8 83.
Qb8+ Kg7 84. Qe5+ Kg8 85. Qe8+ Kg7 86. Qe7+ Kg8 87. Qd8+ Kh7 88. Qe7+ Kg8 89.
Qe4 Kg7 90. Qe7+ Kg8 1/2-1/2

[Event "Cto. FACV Ind. Absoluto Valencia 2014"]
[Site "Valencia ESP"]
[Date "2014.11.15"]
[Round "6.2"]
[White "Rubio Tent, Francisco"]
[Black "Cruz Lledo, Pablo"]
[Result "1-0"]
[WhiteElo "2189"]
[BlackElo "2290"]
[PlyCount "59"]
[EventDate "2014.09.27"]
[EventType "swiss"]
[EventRounds "7"]
[EventCountry "ESP"]

1. e4 c6 2. d4 d5 3. Nd2 g6 4. h3 Bg7 5. Ngf3 Nf6 6. e5 Ne4 7. Bd3 Nxd2 8. Bxd2
O-O 9. Qc1 f6 10. exf6 exf6 11. O-O b6 12. Bh6 c5 13. dxc5 bxc5 14. c4 Ba6 15.
Rd1 d4 16. Be4 Nd7 17. Bd5+ Kh8 18. Bxa8 Qxa8 19. Re1 Bxh6 20. Qxh6 Bxc4 21.
Re7 Rf7 22. Rae1 Qg8 23. Re8 Nf8 24. b3 Bb5 25. Rb8 Bc6 26. Re7 Qg7 27. Rxf7
Qxh6 28. Rbxf8+ Qxf8 29. Rxf8+ Kg7 30. Rc8 1-0

[Event "Cto. FACV Ind. Absoluto Valencia 2014"]
[Site "Valencia ESP"]
[Date "2014.11.15"]
[Round "6.3"]
[White "Fos Santacreu, Juan Andres"]
[Black "Garcia Fernandez, Carlos"]
[Result "0-1"]
[WhiteElo "2279"]
[BlackElo "2312"]
[PlyCount "82"]
[EventDate "2014.09.27"]
[EventType "swiss"]
[EventRounds "7"]
[EventCountry "ESP"]

1. Nf3 d6 2. d4 c5 3. dxc5 Qa5+ 4. Nc3 Qxc5 5. e4 Nf6 6. Be3 Qa5 7. Bb5+ Bd7 8.
Qd3 a6 9. Bc4 Nc6 10. Bb3 g6 11. Qd2 Bg7 12. Nd4 O-O 13. f3 Rfc8 14. Nxc6 Bxc6
15. Na4 Qxd2+ 16. Kxd2 Nd7 17. c3 Bxa4 18. Bxa4 Ne5 19. Ke2 Nc4 20. Bc1 b5 21.
Bd1 Rab8 22. Rb1 f5 23. exf5 gxf5 24. Re1 Kf7 25. g4 fxg4 26. fxg4 Be5 27. h3
Kg7 28. Bg5 b4 29. cxb4 Rxb4 30. Bb3 Na5 31. Be6 Rc2+ 32. Kd3 Rh2 33. h4 Nb7
34. Be3 Rxh4 35. Rf1 Rh3 36. Kd2 Nd8 37. Bf5 a5 38. b3 a4 39. Rh1 Rxh1 40. Rxh1
axb3 41. axb3 e6 0-1

[Event "Cto. FACV Ind. Absoluto Valencia 2014"]
[Site "Valencia ESP"]
[Date "2014.11.15"]
[Round "6.4"]
[White "Salvador Lopez, Daniel"]
[Black "Buenafe Moya, Javier"]
[Result "0-1"]
[WhiteElo "2117"]
[BlackElo "2256"]
[PlyCount "146"]
[EventDate "2014.09.27"]
[EventType "swiss"]
[EventRounds "7"]
[EventCountry "ESP"]

1. d4 Nf6 2. Nf3 e6 3. Bg5 c5 4. e3 Qb6 5. Nbd2 cxd4 6. exd4 Qxb2 7. Bd3 Qb6 8.
O-O Be7 9. Rb1 Qc7 10. Bxf6 Bxf6 11. d5 b6 12. Ne4 Bb7 13. c4 Na6 14. Nxf6+
gxf6 15. Nd4 h5 16. Nb5 Qc5 17. Qf3 Qe7 18. Qg3 Kf8 19. Be4 Nc5 20. Bf3 h4 21.
Qf4 e5 22. d6 exf4 23. dxe7+ Kxe7 24. Rfe1+ Kd8 25. Bxb7 Nxb7 26. Rbd1 h3 27.
Nd6 Nxd6 28. Rxd6 Kc7 29. Red1 Rhg8 30. Rxd7+ Kc6 31. R7d6+ Kc5 32. R6d5+ Kb4
33. a3+ Kb3 34. R1d3+ Ka4 35. Rxh3 Rae8 36. Kf1 Re4 37. Rc3 Rge8 38. Rc1 Kxa3
39. Rb5 Re2 40. Ra1+ Ra2 41. Rxa2+ Kxa2 42. h4 Rc8 43. Rb4 Ka3 44. Rb1 Rxc4 45.
Ra1+ Kb4 46. Rxa7 f3 47. gxf3 Rxh4 48. Ke2 Rd4 49. Ke3 Rd6 50. Rxf7 b5 51. f4
Kc3 52. Rc7+ Kb3 53. Re7 Kc4 54. f5 b4 55. Re6 Rd3+ 56. Ke2 Rd5 57. Rxf6 b3 58.
Rc6+ Kb5 59. Rc8 Rxf5 60. Kd3 Kb4 61. Rb8+ Ka3 62. Ke3 Re5+ 63. Kf4 Ra5 64. Ke3
Ra4 65. f4 b2 66. Kd3 Rxf4 67. Kc3 Rf3+ 68. Kc2 Rf2+ 69. Kc3 Ka2 70. Ra8+ Kb1
71. Rh8 Rf3+ 72. Kd2 Ka2 73. Ra8+ Kb3 0-1